000 00485cam a2200205ua 4500
001 10070
005 20260515114548.0
008 170328n ii |||gr||||Z||||||asm
040 _cMAIN
041 _aasm
082 _a323.4
100 _aGogoi, Purandar,
_eAuthor.
245 _aManab adhikar
_cBy Purandar Gogoi
250 _a5th ed.
260 _aDibrugarh:
_bBanalata,
_c2015.
300 _a288p.
653 _aCivil & political rights
653 _aHuman rights
942 _cBK
999 _c9061
_d9061